00805cam a22002533a 45000010005000000030006000050050017000110080041000280400015000690420007000840500007000911000031000982450072001292600029002015060030002305160020002606530038002806530031003186530038003496530032003876530063004198300028004828560041005105993PGUSA20140828083127.0040601s2004||||xxu|||||s|||||000 1 eng d aPGUSAbeng adc 4aPZ1 aAlger, Horatio,d1832-189910aWalter Sherwood's Probationh[electronic resource] /cHoratio Alger bProject Gutenberg,c2004 aPublic domain in the USA. aElectronic text aSelf-reliance -- Juvenile fiction aWealth -- Juvenile fiction aComing of age -- Juvenile fiction aOrphans -- Juvenile fiction aWest (U.S.) -- History -- 19th century -- Juvenile fiction 0aProject Gutenbergv599340uhttp://www.gutenberg.org/ebooks/5993